• 首页
  • 本馆介绍
  • 公告通知
  • 最新文献
  • 馆藏检索
  • 电子资源
  • 读者导购
  • 参考咨询
  • 我的图书馆
  • 登录
  • 详细信息显示
  • 放入我的书架
  • 预约/预借图书
  • 作者相关作品
  • 分类相关作品
  • 丛书相关作品
  • 出版社相关作品

书目信息

  • 表格格式
  • 工作单格式
  • 卡片格式
题名:
玩透纽约
    
 
作者: 许志忠 著
分册:  
出版信息: 北京   电子工业出版社  2014
页数: 317页
开本: 21cm
丛书名: 达人旅行手册
单 册:
中图分类: K971.2
科图分类:
主题词: 旅游指南--Lvyouzhinan--纽约
电子资源:
ISBN: 978-7-121-23389-0
000 00870nam0 2200253 450
001 796
005 20160908145810.34
010    @a978-7-121-23389-0@dCNY54.80
100    @a20130525d2014 em y0chiy0110 ea
101 0  @achi
102    @aCN@b110000
105    @aa z 000yy
200 1  @a玩透纽约@9Wantouniuyue@f许志忠著
210    @a北京@c电子工业出版社@d2014
215    @a317页@c彩图@d21cm
225 2  @a达人旅行手册@9Darenlvxingshouce
305    @a由台湾太雅出版有限公司授权出版
330    @a本书简明扼要地阐述了纽约的地理环境、政治经济、历史变革、文化艺术,以大量富有艺术感染力的彩色照片,生动形象地展示了纽约最具特色的名胜古迹、风土人情和自然风光。
461  0 @12001 @a达人旅行手册
606 0  @a旅游指南@9Lvyouzhinan@y纽约
690    @aK971.2@v5
701  0 @a许志忠@9Xuzhizhong@4著
801  0 @aCN@b唐山师范学院图书馆@c20160723
905    @aZUCC@dK971.2@e365
    
    玩透纽约/许志忠著.-北京:电子工业出版社,2014
    317页:彩图;21cm.-(达人旅行手册)
    
    
    ISBN 978-7-121-23389-0:CNY54.80
    本书简明扼要地阐述了纽约的地理环境、政治经济、历史变革、文化艺术,以大量富有艺术感染力的彩色照片,生动形象地展示了纽约最具特色的名胜古迹、风土人情和自然风光。
●
相关链接 在E读中查询图书 在五车中查询图书 在当当中查询图书 在豆瓣中查询图书


正题名:玩透纽约     索取号:K971.2/365         预约/预借

序号 登录号 条形码 馆藏地/架位号 状态 备注
1 903511   209035113   第二样本阅览室/ [索取号:K971.2/365] 在馆    
2 903512   209035122   第二借阅区/ [索取号:K971.2/365] 在馆    
3 903513   209035131   第二借阅区/ [索取号:K971.2/365] 在馆    
4 903514   209035140   第二借阅区/ [索取号:K971.2/365] 在馆    
5 903515   209035159   第二借阅区/ [索取号:K971.2/365] 在馆    
唐山师范学院图书馆 欢迎您!
大连网信软件有限公司© 版权所有